00770nam a2200217 i 450000100060000000300090000600500170001500700030003200800410003510000370007624500530011326000350016630000210020149000390022250000470026165000260030883000470033485200320038199900170041395201220043046750ES-MaACL20251003063059.0t|030401s1962 sp ||||1| cat d1 aCongar, Yves, d1904-199594017013aLa qüestió racial / cpel Yves M. J. Congar. aBarcelona : bEstela, c[1962] a93 p. ; c19 cm.1 aCol-lecció "El Món Avui" ; v4 aLa questió racial i el pensament modern.07aRacismo2embne9166460 aCol-lecció "El Món Avui" ; v49229992 aES-MaACLjC-25447 bR.50661 c46750d46750 00104070aATENEOMbATENEOMcDEPO2d2008-01-17eSCl0oC-25447p1049172r2023-02-23 00:00:00w2023-02-23yMONOGRAFIA